Cô gái có vết bầm trên mắt
Guardado en:
| Autor principal: | |
|---|---|
| Formato: | Libro |
| Lenguaje: | Undetermined |
| Publicado: |
Hội nhà văn
2001
|
| Etiquetas: |
Agregar Etiqueta
Sin Etiquetas, Sea el primero en etiquetar este registro!
|
| Thư viện lưu trữ: | Trung tâm Học liệu Trường Đại học Cần Thơ |
|---|
| LEADER | 00452nam a2200145Ia 4500 | ||
|---|---|---|---|
| 001 | CTU_48780 | ||
| 008 | 210402s9999 xx 000 0 und d | ||
| 082 | |a 813.54 | ||
| 082 | |b G226 | ||
| 100 | |a ERLE STANLEY GARDNER | ||
| 245 | 0 | |a Cô gái có vết bầm trên mắt | |
| 245 | 0 | |c ERLE STANLEY GARDNER, Nhật Tân, Văn Sách | |
| 260 | |b Hội nhà văn | ||
| 260 | |c 2001 | ||
| 980 | |a Trung tâm Học liệu Trường Đại học Cần Thơ | ||